Southville International School and Colleges
Your cart is empty.
  • Cart
  • Lists
    Public lists Eva Luna New books Lux_list list_1
    Your lists Log in to create your own lists
  • Log in to your account
  • Your cookies
  • Search history
Southville International School and Colleges
  • Advanced search
  • Recent comments
  • Most popular
  • Libraries

Log in to your account

Log in with GOOGLE


If you do not have an external account, but do have a local account, you can still log in:

  1. Home
  2. MARC view: Staffing organization /
Normal view MARC view ISBD view

Staffing organization / (Record no. 354896)

[ view plain ]
MARC details
000 -LEADER
fixed length control field 00310nam a2200121Ia 4500
008 - FIXED-LENGTH DATA ELEMENTS--GENERAL INFORMATION
fixed length control field 180205s9999 xx 000 0 und d
020 ## - INTERNATIONAL STANDARD BOOK NUMBER
International Standard Book Number 9780071263559
100 ## - MAIN ENTRY--PERSONAL NAME
Personal name Heneman, Herbert G.
245 ## - TITLE STATEMENT
Title Staffing organization /
250 ## - EDITION STATEMENT
Edition statement 6th ed
260 ## - PUBLICATION, DISTRIBUTION, ETC. (IMPRINT)
Place of publication, distribution, etc USA
Name of publisher, distributor, etc Mc graw hill
Date of publication, distribution, etc 2009
300 ## - PHYSICAL DESCRIPTION
Extent iii, 751 pages

No items available.

Staffing organization /

APA

Heneman H. G., . (2009). Staffing organization. USA: Mc graw hill.

Chicago

Heneman Herbert G, . 2009. Staffing organization. USA: Mc graw hill.

Harvard

Heneman H. G., . (2009). Staffing organization. USA: Mc graw hill.

MLA

Heneman Herbert G, . Staffing organization. USA: Mc graw hill. 2009.

  • Print
  • Cite
  • Add to your cart (remove)
  • Save record
    BIBTEX Dublin Core MARCXML MARC (non-Unicode/MARC-8) MARC (Unicode/UTF-8) MARC (Unicode/UTF-8, Standard) MODS (XML) RIS
  • More searches
    Search for this title in:
    Other Libraries (WorldCat) Other Databases (Google Scholar) Online Stores (Bookfinder.com) Open Library (openlibrary.org)

Exporting to Dublin Core...

SOUTHVILLE LIBRARY

Southville International School and Colleges Library

1281 Tropical Ave. Cor. Luxembourg St., BF Homes International, Las Pinas City

Tel. No. 8256374 / 252358 Loc. 117/146

Powered by Koha